Statistics for Morocco A-Z

Click here to take the quiz!

General Stats

  • This quiz has been taken 527 times
  • The average score is 16 of 25

Answer Stats

ClueAnswer% Correct
SLargest desertSahara
93%
RCapital cityRabat
92%
ATallest mountains rangeAtlas
90%
FFormer capital, 1727-1912Fes
87%
GOcean strait to between
Morocco and Europe
Gibraltar
87%
LNational animalLion
87%
BName for the indigenous peopleBerber
85%
UCountry Morocco was the first to
acknowledge in 1777
United States
80%
J350,000 of these people lived in
Morocco in 1948, but now only 2,000
Jews
79%
WDisputed areaWestern Sahara
77%
PCountry that started its colonial
era from Morocco
Portugal
76%
NMorocco is one of the major allies
of this military alliances
NATO
72%
TCity that used to be an
international zome
Tangier
66%
CSpanish enclaveCeuta
65%
MMuslim group that once ruled SpainMoors
64%
QPosition held by Salma BennaniQueen
62%
DCurrencyDirham
61%
HKing that died in 1999Hassan II
54%
YArabic expression for "come on"Yalla
51%
KType of medina or fortressKasabah
45%
EResort town on the Atlantic coastEssaouira
33%
ICity home to a prestigious universityIfrane
24%
OEasternmost region, (hint: Latin)Oriental
21%
VAncient capital near MeknesVolubilis
17%
ZTown known as Tazagurt in BZagora
14%

Score Distribution

Percentile by Number Answered

Percent of People with Each Score

Your Score History

You have not taken this quiz